000 01223nam a2200313 i 4500
003 DO-SdBNP
005 20241022151757.0
007 ta
008 230719b2002 dr ||||| |||| 00| 0 spa d
020 _a9993425281
040 _aDO-SdBNP
_bspa
_cBNPHU
_erda
082 4 _axxx
_bC697c
_222
100 1 _aCollado, Faustino,
_eautor
_4aut.
_983804
245 1 0 _aControl social de la gestión pública por las organizaciones de la sociedad civil dominicanas :
_blegislación y propuestas /
_cFaustino Collado ; edición, Guadalupe Valdez ; corrección de estilo, Sulamita Puig
264 4 _aSanto Domingo :
_bEditora INTEC
_bBID,
_c2002.
300 _a52 páginas ;
_c28 cm.
336 _atexto
_btxt
_2rdacontent
337 _asin mediación
_bn
_2rdamedia
338 _avolumen
_bnc
_2rdacarrier
490 _aSociedad civil
490 _aDocumentos de trabajo
_v7
500 _aTemática. Legislación y sociedad civil en la República Dominicana.
500 _aPrograma de fortalecimiento de organizaciones de la sociedad civil
590 _aInventariado, 2023/BT
700 1 _aValdez, Guadalupe,
_eedición
_4ed.
_914014
700 1 _aFernández, Antonio,
_ecorrección
_922068
910 _aBtavárez
942 _2ddc
_cLBS1
999 _c54215
_d54215